000 00812nam a2200265 i 4500
001 000010494
003 DO-SdBNP
005 20240412074219.0
007 ta
008 091007s1966 dr 000 p spa d
040 _aDO-SdBNP
_bspa
_cBNPHU
_erda
082 4 _aRD861.44
_bG492m
_222
100 1 _aGinebra Giudicelli, Freddy
_97342
245 1 3 _aLa máscara :
_bpoemas sin límites... /
_cFreddy Ginebra Giudicelli.
260 _aSanto Domingo :
_bMontalvo,
_c1966.
300 _a70 páginas ;
_c20 cm.
336 _2rdacontent
_atexto
_btxt
337 _2rdamedia
_asin mediación
_bn
338 _2rdacarrier
_avolumen
_bnc
590 _aInventariado, 2018/LP
650 4 _aPoesía dominicana
_966
650 0 _aLiteratura dominicana.
_967
910 _aValidado. Control de calidad MFF
942 _2ddc
_cLBS1
999 _c10253
_d10253